Берегись этой чертовки. Т. 2 (Запись № 13647560)

Подробности
000 -МАРКЕР
контрольное поле 01120nam2a2200253 4500
001 - ИДЕНТИФИКАТОР ЗАПИСИ
контрольное поле RU\NLR\BIBL_A\022767716
005 - ИДЕНТИФИКАТОР ВЕРСИИ
контрольное поле 20260424114249.0
010 ## - МЕЖДУНАРОДНЫЙ СТАНДАРТНЫЙ НОМЕР КНИГИ (ISBN)
Номер (ISBN) 978-5-17-181594-3
Уточнения т. 2
Тираж 5000
021 ## - НОМЕР ГОСУДАРСТВЕННОЙ РЕГИСТРАЦИИ
Код страны Российская Федерация
Номер АЛ-П-26-00129и
Номер Листа государственной регистраци АЛ-П-26-0018
035 ## - ДРУГИЕ СИСТЕМНЫЕ НОМЕРА
Идентификатор записи (NLR Aleph) 022767716
100 ## - ДАННЫЕ ОБЩЕЙ ОБРАБОТКИ
Данные общей обработки 20260327d2026 u y0rusy50 ca
101 1# - ЯЗЫК РЕСУРСА
Язык текста, звукозаписи и т.д. русский
Язык оригинала корейский
102 ## - СТРАНА ПУБЛИКАЦИИ ИЛИ ПРОИЗВОДСТВА
Страна публикации Российская Федерация
105 ## - ПОЛЕ КОДИРОВАННЫХ ДАННЫХ: ТЕКСТОВЫЕ МАТЕРИАЛЫ, МОНОГРАФИЧЕСКИЕ
Кодированные данные о монографическом текстовом документе а t 000ay
200 0# - ЗАГЛАВИЕ И СВЕДЕНИЯ ОБ ОТВЕТСТВЕННОСТИ
Основное заглавие Т. 2
210 ## - ПУБЛИКАЦИЯ, РАСПРОСТРАНЕНИЕ И ДР.
Дата издания, распространения и т.д. 2026
215 ## - ФИЗИЧЕСКАЯ ХАРАКТЕРИСТИКА
Специфическое обозначение материала и объем 303, [1] с.
Другие сведения о физической характеристике цв. ил.
333 ## - ПРИМЕЧАНИЯ ОБ ОСОБЕННОСТЯХ РАСПРОСТРАНЕНИЯ И ИСПОЛЬЗОВАНИЯ
Текст примечания 18+
461 #0 - УРОВЕНЬ НАБОРА
Встроенное поле 001RU\NLR\BIBL_A\022701384
-- 2001#$aБерегись этой чертовки$eвебтун$fБлю Канна, Берри, Сода Айс$gперевод с корейского Ю. Казаковой$vТ. 2
-- 700#0$aСода Айс$cпсевдоним$3RU\NLR\AUTH\770289706
Системный номер (АБИС) связанной записи 13696357
Автор Блю Канна (псевдоним)
Место публикации Москва
Дата публикации 2025-2026
Первые сведения об ответственности Блю Канна, Берри, Сода Айс
Имя издателя, распространителя и т.д. АСТ
Сведения, относящиеся к заглавию вебтун
Заглавие Берегись этой чертовки
ISBN 978-5-17-178361-7
Номер тома Т. 2
942 ## - ДОПОЛНИТЕЛЬНЫЕ ЭЛЕМЕНТЫ ЗАПИСИ (АБИС)
Тип экземпляра АБИС Книга
980 ## - КОЛЛЕКЦИЯ
Название коллекции Национальная библиография

Нет доступных экземпляров.